ბათუმის შოთა რუსთაველის სახელმწიფო უნივერსიტეტის ბიბლიოთეკა

მიწის მადლი. (ბიბ.ჩანაწერი № 41806)

000 -LEADER
fixed length control field 00685nam a2200229Ia 4500
001 - CONTROL NUMBER
control field 8489
003 - CONTROL NUMBER IDENTIFIER
control field GE_BSU
008 - FIXED-LENGTH DATA ELEMENTS--GENERAL INFORMATION
fixed length control field 181216s||||||||xx |||||||||||||| ||und||
040 ## - CATALOGING SOURCE
Transcribing agency GE_BSU
080 ## - UNIVERSAL DECIMAL CLASSIFICATION NUMBER
Universal Decimal Classification number 821.353.1-4
100 ## - MAIN ENTRY--PERSONAL NAME
Personal name ზოიძე,შოთა.
245 ## - TITLE STATEMENT
Title მიწის მადლი.
245 ## - TITLE STATEMENT
Remainder of title ნარკვევი.
245 ## - TITLE STATEMENT
Statement of responsibility, etc. რედ:ლ.ბეჟანიძე;მხატვ:გ.ხოჯაშვილი.
260 ## - PUBLICATION, DISTRIBUTION, ETC.
Place of publication, distribution, etc. ბათუმი.
260 ## - PUBLICATION, DISTRIBUTION, ETC.
Name of publisher, distributor, etc. საბჭ.აჭარა.
260 ## - PUBLICATION, DISTRIBUTION, ETC.
Date of publication, distribution, etc. 1975.
300 ## - PHYSICAL DESCRIPTION
Extent 27გვ;19სმ.
653 ## - INDEX TERM--UNCONTROLLED
Uncontrolled term მიწის მადლი.
653 ## - INDEX TERM--UNCONTROLLED
Uncontrolled term ნარკვევი.
942 ## - ADDED ENTRY ELEMENTS (KOHA)
Koha item type წიგნი
ეგზემპლარები
Withdrawn status Lost status Damaged status Not for loan Date acquired Barcode Date last seen Price effective from Koha item type
        2018-12-17 30915 2018-12-17 2018-12-17 წიგნი
        2018-12-17 30914 2018-12-17 2018-12-17 წიგნი